[Event "4NCL 2021-22"]
[Site "England"]
[Date "2022.02.12"]
[Round "3.46"]
[White "Pollack, Oscar"]
[Black "Webb, Laurence E"]
[Result "1/2-1/2"]
[WhiteElo "2140"]
[BlackElo "2256"]
[Annotator "ChessBase"]
[PlyCount "204"]
[EventDate "2021.11.27"]
[EventType "team-tourn"]
[EventCountry "ENG"]
[SourceTitle "playchess.com"]
[Source "ChessBase"]
[SourceQuality "1"]
[TimeControl "40/6000+30:3000+30"]

1. d4 {[%emt 0:02:59]} e6 {[%emt 0:00:59]} 2. Nf3 {[%emt 0:00:15]} Nf6 {[%emt 0:00:19]} 3. e3 {[%emt 0:00:03]} c5 {[%emt 0:00:41]} 4. b3 {[%emt 0:00:38]} d5 {[%emt 0:01:21]} 5. Bb2 {[%emt 0:00:06]} Nc6 {[%emt 0:01:12]} 6. Nbd2 {[%emt 0:00:57]} Bd6 {[%emt 0:02:23]} 7. dxc5 {[%emt 0:02:40]} Bxc5 {[%emt 0:00:18]} 8. Bd3 {[%emt 0:01:06]} O-O {[%emt 0:03:55]} 9. O-O {[%emt 0:02:02]} Bd7 {[%emt 0:16:11]} 10. a3 {[%emt 0:05:00]} Qe7 {[%emt 0:07:06]} 11. b4 {[%emt 0:03:14]} Bb6 {[%emt 0:01:50]} 12. c4 {[%emt 0:06:42]} Rad8 {[%emt 0:02:12]} 13. Qc2 {[%emt 0:03:02]} h6 {[%emt 0:02:40]} 14. Rfd1 {[%emt 0:06:27]} Bc8 {[%emt 0:03:43]} 15. cxd5 {[%emt 0:08:02]} exd5 {[%emt 0:09:23]} 16. b5 {[%emt 0:07:22]} Nb8 {[%emt 0:00:50]} 17. Nd4 {[%emt 0:00:51]} Be6 {[%emt 0:08:41]} 18. N2b3 {[%emt 0:05:17]} Rc8 {[%emt 0:02:00]} 19. Qe2 {[%emt 0:00:28]} Nbd7 {[%emt 0:00:44]} 20. a4 {[%emt 0:01:15]} Rfe8 {[%emt 0:04:55]} 21. Ba3 {[%emt 0:03:09]} Qd8 {[%emt 0:01:26]} 22. Nxe6 {[%emt 0:01:21]} Rxe6 {[%emt 0:01:28]} 23. a5 {[%emt 0:00:50]} Bc7 {[%emt 0:07:11]} 24. Nd4 {[%emt 0:03:17]} Re5 {[%emt 0:14:40]} 25. a6 {[%emt 0:00:43]} bxa6 {[%emt 0:00:19]} 26. Nc6 {[%emt 0:00:21]} Qe8 {[%emt 0:00:38]} 27. Nxe5 {[%emt 0:00:11]} Qxe5 {[%emt 0:01:30]} 28. g3 {[%emt 0:00:23]} axb5 {[%emt 0:01:53]} 29. Bb2 {[%emt 0:00:38]} Qd6 {[%emt 0:01:53]} 30. Rxa7 {[%emt 0:01:47]} Bb6 {[%emt 0:00:24]} 31. Raa1 {[%emt 0:00:18]} b4 {[%emt 0:01:24]} 32. Bf5 {[%emt 0:01:44]} Rd8 {[%emt 0:04:41]} 33. Qb5 {[%emt 0:00:43]} Qc5 {[%emt 0:02:37]} 34. Qd3 {[%emt 0:01:53]} Qd6 {[%emt 0:00:45]} 35. Rac1 {[%emt 0:00:39]} Ne5 {[%emt 0:01:33]} 36. Bxe5 {[%emt 0:00:38]} Qxe5 {[%emt 0:00:06]} 37. Rc6 {[%emt 0:00:15]} Rb8 {[%emt 0:00:38]} 38. Rdc1 {[%emt 0:00:05]} g5 {[%emt 0:01:50]} 39. Bh3 {[%emt 0:02:03]} Kg7 {[%emt 0:00:18]} 40. Qf5 {[%emt 0:01:22]} Qxf5 {[%emt 0:01:53]} 41. Bxf5 {[%emt 0:50:02]} d4 {[%emt 0:05:36]} 42. exd4 {[%emt 0:00:00]} Bxd4 {[%emt 0:01:23]} 43. Rc8 {[%emt 0:00:00]} Rb6 {[%emt 0:06:52]} 44. R1c4 {[%emt 0:00:00]} Bc3 {[%emt 0:02:24]} 45. R8c7 {[%emt 0:00:00]} Ne8 {[%emt 0:06:46]} 46. R7c6 {[%emt 0:00:00]} Rb7 {[%emt 0:03:21]} 47. Ra6 {[%emt 0:00:00]} Nf6 {[%emt 0:04:54]} 48. Rac6 {[%emt 0:00:00]} Rb8 {[%emt 0:07:50]} 49. Rc7 {[%emt 0:00:00]} Ne8 {[%emt 0:00:41]} 50. Rd7 {[%emt 0:00:00]} Nf6 {[%emt 0:00:10]} 51. Ra7 {[%emt 0:00:00]} Be5 {[%emt 0:05:42]} 52. Ra5 {[%emt 0:00:00]} Bd6 {[%emt 0:02:11]} 53. Ra6 {[%emt 0:00:00]} Be5 {[%emt 0:00:50]} 54. Rcc6 {[%emt 0:00:00]} Bd4 {[%emt 0:03:03]} 55. Rd6 {[%emt 0:00:00]} Bc5 {[%emt 0:00:51]} 56. Rxf6 {[%emt 0:00:00]} b3 {[%emt 0:00:31]} 57. Rfc6 {[%emt 0:00:00]} Bd4 {[%emt 0:00:36]} 58. Rc7 {[%emt 0:00:00]} b2 {[%emt 0:00:49]} 59. Rg6+ {[%emt 0:00:00]} Kf8 {[%emt 0:01:11]} 60. Rxh6 {[%emt 0:00:00]} b1=Q+ {[%emt 0:00:21]} 61. Bxb1 {[%emt 0:00:00]} Rxb1+ {[%emt 0:00:03]} 62. Kg2 {[%emt 0:00:00]} Rb2 {[%emt 0:00:36]} 63. Kh3 {[%emt 0:00:00]} Kg7 {[%emt 0:02:29]} 64. Rhc6 {[%emt 0:00:00]} Rxf2 {[%emt 0:00:33]} 65. Rc2 {[%emt 0:00:00]} Rf1 {[%emt 0:01:18]} 66. Rd2 {[%emt 0:00:00]} Be5 {[%emt 0:00:51]} 67. Rc5 {[%emt 0:00:06]} f6 {[%emt 0:00:34]} 68. Kg4 {[%emt 0:01:48]} Re1 {[%emt 0:00:57]} 69. Kh5 {[%emt 0:00:39]} Kf7 {[%emt 0:00:36]} 70. Rc6 {[%emt 0:01:29]} Ke7 {[%emt 0:00:53]} 71. Kg4 {[%emt 0:00:53]} Ra1 {[%emt 0:01:02]} 72. Rd3 {[%emt 0:00:29]} Ra2 {[%emt 0:00:13]} 73. h4 {[%emt 0:01:04]} gxh4 {[%emt 0:00:49]} 74. gxh4 {[%emt 0:00:01]} Rg2+ {[%emt 0:00:33]} 75. Kh5 {[%emt 0:01:03]} Rg8 {[%emt 0:00:15]} 76. Rb3 {[%emt 0:01:01]} Kd7 {[%emt 0:01:21]} 77. Ra6 {[%emt 0:00:11]} Rh8+ {[%emt 0:00:34]} 78. Kg4 {[%emt 0:01:18]} Kc7 {[%emt 0:00:09]} 79. Rh3 {[%emt 0:01:31]} Kd7 {[%emt 0:00:24]} 80. h5 {[%emt 0:00:15]} Rg8+ {[%emt 0:00:36]} 81. Kf5 {[%emt 0:00:31]} Rg5+ {[%emt 0:00:11]} 82. Ke4 {[%emt 0:00:02]} Rg4+ {[%emt 0:00:13]} 83. Kd5 {[%emt 0:00:34]} Rd4+ {[%emt 0:00:50]} 84. Kc5 {[%emt 0:00:01]} Ke7 {[%emt 0:00:46]} 85. h6 {[%emt 0:00:24]} Rd8 {[%emt 0:00:15]} 86. h7 {[%emt 0:00:28]} Rh8 {[%emt 0:00:52]} 87. Kd5 {[%emt 0:01:02]} Kf7 {[%emt 0:00:17]} 88. Ra7+ {[%emt 0:01:07]} Kg6 {[%emt 0:00:09]} 89. Rh1 {[%emt 0:00:21]} Bf4 {[%emt 0:00:17]} 90. Ke6 {[%emt 0:01:50]} Bg5 {[%emt 0:00:27]} 91. Re7 {[%emt 0:04:24]} Bf4 {[%emt 0:01:05]} 92. Kd5 {[%emt 0:01:06]} Bg5 {[%emt 0:00:19]} 93. Rc7 {[%emt 0:01:20]} Rd8+ {[%emt 0:00:37]} 94. Ke4 {[%emt 0:00:53]} Re8+ {[%emt 0:00:22]} 95. Kf3 {[%emt 0:00:27]} Rh8 {[%emt 0:00:24]} 96. Rh2 {[%emt 0:00:33]} Bh6 {[%emt 0:00:56]} 97. Kg4 {[%emt 0:03:16]} Rxh7 {[%emt 0:00:40]} 98. Rxh7 {[%emt 0:00:18]} Kxh7 {[%emt 0:00:02]} 99. Kf5 {[%emt 0:00:39]} Kg7 {[%emt 0:00:18]} 100. Ra2 {[%emt 0:00:22]} Bg5 {[%emt 0:00:46]} 101. Ra7+ {[%emt 0:00:04]} Kf8 {[%emt 0:00:30]} 102. Ke6 {[%emt 0:00:24]} Kg8 {[%emt 0:00:08]} 1/2-1/2

[Event "4NCL 2021-22"]
[Site "England"]
[Date "2022.02.12"]
[Round "3.47"]
[White "Ledger, Stephen C"]
[Black "Eden, Tomer"]
[Result "0-1"]
[WhiteElo "2171"]
[BlackElo "2135"]
[Annotator "ChessBase"]
[PlyCount "48"]
[EventDate "2021.11.27"]
[EventType "team-tourn"]
[EventCountry "ENG"]
[SourceTitle "playchess.com"]
[Source "ChessBase"]
[SourceQuality "1"]
[TimeControl "40/6000+30:3000+30"]

1. d4 {[%emt 0:00:06]} e6 {[%emt 0:00:08]} 2. Nf3 {[%emt 0:00:36]} d5 {[%emt 0:00:55]} 3. Bf4 {[%emt 0:00:57]} Nf6 {[%emt 0:00:26]} 4. e3 {[%emt 0:00:42]} c5 {[%emt 0:00:50]} 5. c3 {[%emt 0:00:51]} Nc6 {[%emt 0:00:11]} 6. Nbd2 {[%emt 0:01:02]} Nh5 {[%emt 0:02:17]} 7. Bg5 {[%emt 0:03:32]} f6 {[%emt 0:00:20]} 8. Bh4 {[%emt 0:01:41]} g6 {[%emt 0:00:19]} 9. g4 {[%emt 0:09:07]} Ng7 {[%emt 0:04:14]} 10. Bd3 {[%emt 0:05:30]} cxd4 {[%emt 0:04:43]} 11. exd4 {[%emt 0:01:57]} Be7 {[%emt 0:16:48]} 12. Qe2 {[%emt 0:05:56]} O-O {[%emt 0:03:46]} 13. Bg3 {[%emt 0:02:55]} e5 {[%emt 0:06:14]} 14. dxe5 {[%emt 0:04:28]} Bxg4 {[%emt 0:01:45]} 15. h3 {[%emt 0:01:37]} Bh5 {[%emt 0:01:49]} 16. Qe3 {[%emt 0:13:01]} fxe5 {[%emt 0:07:58]} 17. Nxe5 {[%emt 0:07:13]} Bg5 {[%emt 0:05:45]} 18. Qc5 {[%emt 0:15:11]} Nxe5 {[%emt 0:04:05]} 19. Bxe5 {[%emt 0:00:18]} Bxd2+ {[%emt 0:03:36]} 20. Kxd2 {[%emt 0:00:10]} Qg5+ {[%emt 0:00:10]} 21. f4 {[%emt 0:01:51]} Qg2+ {[%emt 0:00:42]} 22. Ke3 {[%emt 0:00:42]} Rxf4 {[%emt 0:02:35]} 23. Bxf4 {[%emt 0:02:10]} Re8+ {[%emt 0:00:21]} 24. Kd4 {[%emt 0:00:40]} Ne6+ {[%emt 0:01:10]} 0-1

[Event "4NCL 2021-22"]
[Site "England"]
[Date "2022.02.12"]
[Round "3.48"]
[White "Willmoth, Robert F"]
[Black "Varney, Zoe"]
[Result "0-1"]
[WhiteElo "2121"]
[BlackElo "2041"]
[Annotator "NA"]
[PlyCount "64"]
[EventDate "2021.11.27"]
[EventType "team-tourn"]
[EventCountry "ENG"]
[SourceTitle "playchess.com"]
[Source "ChessBase"]
[SourceQuality "1"]
[TimeControl "40/6000+30:3000+30"]

1. d4 {[%emt 0:00:02]} d5 {[%emt 0:00:05]} 2. Nf3 {[%emt 0:00:05]} Nf6 {[%emt 0:00:04]} 3. g3 {[%emt 0:00:04]} c6 {[%emt 0:00:10]} 4. Bg2 {[%emt 0:00:08]} Bf5 {[%emt 0:03:48]} 5. O-O {[%emt 0:00:37]} h6 {[%emt 0:01:23]} 6. b3 {[%emt 0:04:42]} Nbd7 {[%emt 0:03:02]} 7. Bb2 {[%emt 0:03:20]} e6 {[%emt 0:04:01]} 8. c4 {[%emt 0:00:14]} Bd6 {[%emt 0:02:47]} 9. Nc3 {[%emt 0:01:46]} O-O {[%emt 0:05:52]} 10. Nd2 {[%emt 0:01:46]} e5 {[%emt 0:10:44]} 11. cxd5 {[%emt 0:11:09]} exd4 {[%emt 0:04:36]} 12. Nce4 {[%emt 0:03:23]} Nxe4 {[%emt 0:08:19]} 13. Nxe4 {[%emt 0:00:11]} Bxe4 {[%emt 0:00:29]} 14. Bxe4 {[%emt 0:00:08]} c5 {[%emt 0:01:03]} 15. Bg2 {[%emt 0:08:04]} Qe7 {[%emt 0:04:47]} 16. Qd2 {[%emt 0:01:50]} f5 {[%emt 0:08:51]} 17. e3 {[%emt 0:11:56]} dxe3 {[%emt 0:05:26]} 18. Qxe3 {[%emt 0:05:17]} Qxe3 {[%emt 0:02:12]} 19. fxe3 {[%emt 0:00:03]} Rae8 {[%emt 0:02:10]} 20. Rae1 {[%emt 0:04:03]} Be5 {[%emt 0:17:03]} 21. Ba3 {[%emt 0:10:55]} Bc3 {[%emt 0:05:31]} 22. Re2 {[%emt 0:00:41]} Re5 {[%emt 0:02:55]} 23. Rc1 {[%emt 0:08:44]} Bd4 {[%emt 0:02:55]} 24. Kf2 {[%emt 0:01:48]} f4 {[%emt 0:05:09]} 25. exd4 {[%emt 0:19:22]} fxg3+ {[%emt 0:00:04]} 26. Kxg3 {[%emt 0:00:04]} Rxe2 {[%emt 0:02:23]} 27. dxc5 {[%emt 0:00:21]} Re3+ {[%emt 0:03:10]} 28. Kg4 {[%emt 0:03:20]} Ne5+ {[%emt 0:00:25]} 29. Kh4 {[%emt 0:02:32]} Rf4+ {[%emt 0:00:16]} 30. Kh5 {[%emt 0:00:08]} Nd3 {[%emt 0:02:00]} 31. h4 {[%emt 0:01:04]} Re5+ {[%emt 0:00:18]} 32. Kg6 {[%emt 0:00:06]} Rf6# {[%emt 0:00:09]} 0-1

[Event "4NCL 2021-22"]
[Site "England"]
[Date "2022.02.12"]
[Round "3.49"]
[White "Cumming, Rhys"]
[Black "Delaney, Killian"]
[Result "1/2-1/2"]
[WhiteElo "2360"]
[BlackElo "2292"]
[Annotator "TA"]
[PlyCount "40"]
[EventDate "2021.11.27"]
[EventType "team-tourn"]
[EventCountry "ENG"]
[SourceTitle "playchess.com"]
[Source "ChessBase"]
[SourceQuality "1"]

{[%evp 9,40,28,37,39,47,44,45,47,51,14,22,6,5,12,49,54,52,49,41,51,43,0,-6,-8,-5,-3,0,0,0,0,0,0,0]} 1. d4 d5 2. c4 Nc6 3. Nf3 Bg4 4. Nc3 e6 5. cxd5 exd5 6. Qb3 {[%csl LRb7,LRd5] D07: Queen's Gambit: Chigorin Defence.} Bxf3 7. exf3 Qe7+ 8. Be3 {White is slightly better.} Qb4 {[#]} 9. Qc2 $146 ({Don't play} 9. Qxd5 Qxb2 10. Rc1 Bb4 $11) ({Predecessor:} 9. Qxb4 Bxb4 10. Bd3 Nge7 11. Kd2 a6 12. a3 Bd6 13. g3 h5 14. Rae1 h4 15. f4 b5 16. Ra1 {½-½ (16) Camacho Dominguez,F (2309)-Azevedo,J (2300) ICCF email 2017}) 9... Nxd4 10. Bxd4 (10. Qd3 {is interesting.} Ne6 11. Qxd5 a6 12. Qc4 O-O-O 13. a3) 10... Qxd4 11. Qe2+ Ne7 12. Rd1 Qb4 13. a3 Qb3 14. Rxd5 {Threatens to win with g3.} c6 15. Rd6 (15. Rd3 $14 {was preferrable.} Qe6 16. g3) 15... Rd8 $11 {The position is equal.} 16. Rxd8+ Kxd8 17. Qd2+ Nd5 18. Be2 Kc7 19. Bd1 Qc4 20. Be2 Qb3 {Weighted Error Value: White=0.07 (flawless) /Black=0.05 (flawless)} 1/2-1/2

[Event "4NCL 2021-22"]
[Site "England"]
[Date "2022.02.12"]
[Round "3.50"]
[White "Wall, Gavin"]
[Black "Brewer, Callum D"]
[Result "1/2-1/2"]
[WhiteElo "2312"]
[BlackElo "2147"]
[Annotator "ChessBase"]
[PlyCount "53"]
[EventDate "2021.11.27"]
[EventType "team-tourn"]
[EventCountry "ENG"]
[SourceTitle "playchess.com"]
[Source "ChessBase"]
[SourceQuality "1"]
[TimeControl "40/6000+30:3000+30"]

1. e4 {[%emt 0:00:03]} c6 {[%emt 0:02:45]} 2. d4 {[%emt 0:00:58]} d5 {[%emt 0:00:04]} 3. f3 {[%emt 0:00:35]} dxe4 {[%emt 0:00:15]} 4. fxe4 {[%emt 0:00:05]} e5 {[%emt 0:00:02]} 5. Nf3 {[%emt 0:00:07]} Bg4 {[%emt 0:00:16]} 6. Bc4 {[%emt 0:00:50]} Nd7 {[%emt 0:00:43]} 7. O-O {[%emt 0:00:16]} Ngf6 {[%emt 0:01:12]} 8. c3 {[%emt 0:01:19]} Bd6 {[%emt 0:00:26]} 9. Qb3 {[%emt 0:07:21]} O-O {[%emt 0:04:06]} 10. Qxb7 {[%emt 0:00:17]} Qe7 {[%emt 0:07:34]} 11. Qxc6 {[%emt 0:22:43]} exd4 {[%emt 0:19:07]} 12. cxd4 {[%emt 0:02:05]} Rac8 {[%emt 0:06:30]} 13. Qa6 {[%emt 0:00:12]} Nxe4 {[%emt 0:06:10]} 14. Nbd2 {[%emt 0:03:33]} Nb6 {[%emt 0:08:05]} 15. Bb3 {[%emt 0:24:57]} Rxc1 {[%emt 0:21:27]} 16. Raxc1 {[%emt 0:00:04]} Nxd2 {[%emt 0:00:12]} 17. Nxd2 {[%emt 0:00:09]} Be2 {[%emt 0:04:23]} 18. Qa5 {[%emt 0:08:49]} Qh4 {[%emt 0:16:49]} 19. Nf3 {[%emt 0:08:31]} Bxf3 {[%emt 0:00:17]} 20. Rxf3 {[%emt 0:00:04]} Bxh2+ {[%emt 0:04:16]} 21. Kf1 {[%emt 0:00:13]} Bg3 {[%emt 0:01:17]} 22. Rxg3 {[%emt 0:04:07]} Qf4+ {[%emt 0:00:40]} 23. Kg1 {[%emt 0:01:08]} Qxc1+ {[%emt 0:00:26]} 24. Kh2 {[%emt 0:00:05]} Qh6+ {[%emt 0:00:20]} 25. Kg1 {[%emt 0:01:50]} Qc1+ {[%emt 0:00:07]} 26. Kh2 {[%emt 0:00:05]} Qh6+ {[%emt 0:00:30]} 27. Kg1 {[%emt 0:00:03]} 1/2-1/2

[Event "4NCL 2021-22"]
[Site "England"]
[Date "2022.02.12"]
[Round "3.51"]
[White "Grant, David J"]
[Black "Thorarinsson, Pall A."]
[Result "0-1"]
[WhiteElo "2080"]
[BlackElo "2166"]
[Annotator "NA"]
[PlyCount "46"]
[EventDate "2021.11.27"]
[EventType "team-tourn"]
[EventCountry "ENG"]
[SourceTitle "playchess.com"]
[Source "ChessBase"]
[SourceQuality "1"]
[TimeControl "40/6000+30:3000+30"]

1. e4 {[%emt 0:00:07]} c5 {[%emt 0:00:36]} 2. Nc3 {[%emt 0:01:42]} e6 {[%emt 0:01:56]} 3. Nf3 {[%emt 0:01:27]} a6 {[%emt 0:04:18]} 4. d4 {[%emt 0:11:23]} cxd4 {[%emt 0:00:09]} 5. Nxd4 {[%emt 0:00:10]} Qc7 {[%emt 0:00:33]} 6. Bd3 {[%emt 0:10:33]} Nf6 {[%emt 0:07:40]} 7. O-O {[%emt 0:03:39]} b5 {[%emt 0:08:28]} 8. Be3 {[%emt 0:06:32]} Bb7 {[%emt 0:02:45]} 9. a3 {[%emt 0:20:43]} b4 {[%emt 0:09:27]} 10. axb4 {[%emt 0:02:39]} Bxb4 {[%emt 0:00:06]} 11. Ra4 {[%emt 0:00:21]} Bxc3 {[%emt 0:10:21]} 12. bxc3 {[%emt 0:00:19]} O-O {[%emt 0:09:40]} 13. Rc4 {[%emt 0:04:41]} Qd8 {[%emt 0:25:49]} 14. e5 {[%emt 0:03:23]} Nd5 {[%emt 0:01:17]} 15. Qh5 {[%emt 0:08:53]} f5 {[%emt 0:09:47]} 16. exf6 {[%emt 0:08:45]} Nxf6 {[%emt 0:00:06]} 17. Qh3 {[%emt 0:00:56]} e5 {[%emt 0:02:56]} 18. Nf5 {[%emt 0:04:14]} d5 {[%emt 0:02:40]} 19. Qg3 {[%emt 0:06:49]} Nh5 {[%emt 0:02:06]} 20. Qxe5 {[%emt 0:01:08]} dxc4 {[%emt 0:02:24]} 21. Ne7+ {[%emt 0:05:45]} Kh8 {[%emt 0:00:20]} 22. Qxh5 {[%emt 0:00:12]} cxd3 {[%emt 0:00:06]} 23. Bg5 {[%emt 0:00:13]} Qe8 {[%emt 0:00:26]} 0-1

[Event "4NCL 2021-22"]
[Site "England"]
[Date "2022.02.12"]
[Round "3.52"]
[White "Carroll, Peter"]
[Black "Payne, Matthew J"]
[Result "1/2-1/2"]
[WhiteElo "2122"]
[BlackElo "2158"]
[Annotator "NA"]
[PlyCount "70"]
[EventDate "2021.11.27"]
[EventType "team-tourn"]
[EventCountry "ENG"]
[SourceTitle "playchess.com"]
[Source "ChessBase"]
[SourceQuality "1"]
[TimeControl "40/6000+30:3000+30"]

1. d4 {[%emt 0:00:30]} Nf6 {[%emt 0:00:11]} 2. c4 {[%emt 0:00:06]} g6 {[%emt 0:00:10]} 3. Nc3 {[%emt 0:00:05]} Bg7 {[%emt 0:00:07]} 4. e4 {[%emt 0:00:07]} d6 {[%emt 0:00:06]} 5. Be2 {[%emt 0:00:05]} O-O {[%emt 0:00:17]} 6. Be3 {[%emt 0:00:04]} e5 {[%emt 0:00:16]} 7. d5 {[%emt 0:00:06]} a5 {[%emt 0:00:21]} 8. h4 {[%emt 0:00:23]} Na6 {[%emt 0:02:05]} 9. g4 {[%emt 0:00:36]} Nc5 {[%emt 0:00:12]} 10. Bf3 {[%emt 0:00:07]} c6 {[%emt 0:00:47]} 11. g5 {[%emt 0:00:34]} Nfd7 {[%emt 0:00:57]} 12. dxc6 {[%emt 0:00:25]} bxc6 {[%emt 0:00:08]} 13. Qxd6 {[%emt 0:00:09]} Qb6 {[%emt 0:00:09]} 14. Rd1 {[%emt 0:03:08]} Re8 {[%emt 0:19:17]} 15. Nge2 {[%emt 0:32:02]} Bf8 {[%emt 0:08:00]} 16. Qd2 {[%emt 0:01:01]} Qb4 {[%emt 0:06:19]} 17. b3 {[%emt 0:08:41]} a4 {[%emt 0:06:07]} 18. Nxa4 {[%emt 0:01:34]} Nxa4 {[%emt 0:00:56]} 19. bxa4 {[%emt 0:00:15]} Qxc4 {[%emt 0:04:04]} 20. Rc1 {[%emt 0:00:59]} Qe6 {[%emt 0:00:12]} 21. Qc2 {[%emt 0:03:21]} Bb4+ {[%emt 0:05:48]} 22. Kf1 {[%emt 0:00:14]} c5 {[%emt 0:04:52]} 23. Qb3 {[%emt 0:06:25]} Qe7 {[%emt 0:02:25]} 24. a3 {[%emt 0:04:05]} Ba5 {[%emt 0:00:02]} 25. Qd5 {[%emt 0:03:15]} Ba6 {[%emt 0:05:16]} 26. Bg4 {[%emt 0:05:33]} Nb6 {[%emt 0:02:13]} 27. Qxc5 {[%emt 0:01:37]} Nxa4 {[%emt 0:02:19]} 28. Qxe7 {[%emt 0:00:31]} Rxe7 {[%emt 0:00:02]} 29. Kg2 {[%emt 0:00:30]} Rb8 {[%emt 0:03:06]} 30. Rb1 {[%emt 0:02:43]} Rd8 {[%emt 0:08:56]} 31. Rhc1 {[%emt 0:07:23]} Bd3 {[%emt 0:03:02]} 32. Rb3 {[%emt 0:03:23]} Bxe4+ {[%emt 0:00:12]} 33. f3 {[%emt 0:01:26]} Rb7 {[%emt 0:02:22]} 34. Rxb7 {[%emt 0:01:01]} Bxb7 {[%emt 0:02:14]} 35. Rc4 {[%emt 0:01:40]} Nb6 {[%emt 0:09:06]} 1/2-1/2

[Event "4NCL 2021-22"]
[Site "England"]
[Date "2022.02.12"]
[Round "3.53"]
[White "Willson, Ollie"]
[Black "Venkatesan, Kavin"]
[Result "1/2-1/2"]
[WhiteElo "2108"]
[BlackElo "2074"]
[Annotator "ChessBase"]
[PlyCount "102"]
[EventDate "2021.11.27"]
[EventType "team-tourn"]
[EventCountry "ENG"]
[SourceTitle "playchess.com"]
[Source "ChessBase"]
[SourceQuality "1"]
[TimeControl "40/6000+30:3000+30"]

1. d4 {[%emt 0:02:07]} Nf6 {[%emt 0:00:07]} 2. c4 {[%emt 0:00:10]} e6 {[%emt 0:00:03]} 3. Nc3 {[%emt 0:00:03]} Bb4 {[%emt 0:00:11]} 4. Qc2 {[%emt 0:00:04]} d5 {[%emt 0:02:25]} 5. cxd5 {[%emt 0:00:15]} exd5 {[%emt 0:00:51]} 6. Bg5 {[%emt 0:00:11]} O-O {[%emt 0:03:22]} 7. e3 {[%emt 0:00:53]} c6 {[%emt 0:05:36]} 8. Bd3 {[%emt 0:03:26]} h6 {[%emt 0:00:48]} 9. Bh4 {[%emt 0:01:07]} Nbd7 {[%emt 0:02:48]} 10. Nge2 {[%emt 0:05:36]} Re8 {[%emt 0:01:28]} 11. O-O {[%emt 0:01:35]} Nf8 {[%emt 0:03:49]} 12. a3 {[%emt 0:14:41]} Bd6 {[%emt 0:06:32]} 13. Bg3 {[%emt 0:06:56]} Bg4 {[%emt 0:23:01]} 14. f3 {[%emt 0:18:17]} Bh5 {[%emt 0:00:36]} 15. Bf2 {[%emt 0:00:39]} Bg6 {[%emt 0:08:39]} 16. Rae1 {[%emt 0:07:57]} Qc7 {[%emt 0:08:15]} 17. h3 {[%emt 0:12:57]} Nh5 {[%emt 0:07:26]} 18. e4 {[%emt 0:09:33]} Bh2+ {[%emt 0:05:39]} 19. Kh1 {[%emt 0:00:02]} Ng3+ {[%emt 0:00:47]} 20. Kxh2 {[%emt 0:06:00]} Nxe2+ {[%emt 0:01:32]} 21. g3 {[%emt 0:00:48]} Nxc3 {[%emt 0:01:59]} 22. bxc3 {[%emt 0:03:25]} Nd7 {[%emt 0:04:22]} 23. c4 {[%emt 0:01:16]} dxe4 {[%emt 0:02:50]} 24. fxe4 {[%emt 0:00:08]} c5 {[%emt 0:01:19]} 25. e5 {[%emt 0:05:33]} Bxd3 {[%emt 0:03:15]} 26. Qxd3 {[%emt 0:00:03]} cxd4 {[%emt 0:00:45]} 27. e6 {[%emt 0:02:54]} Rxe6 {[%emt 0:01:34]} 28. Rxe6 {[%emt 0:01:28]} fxe6 {[%emt 0:00:03]} 29. Bxd4 {[%emt 0:00:50]} Nf8 {[%emt 0:00:55]} 30. Qe4 {[%emt 0:01:30]} Qxc4 {[%emt 0:02:36]} 31. Qe5 {[%emt 0:00:45]} Qc2+ {[%emt 0:00:14]} 32. Rf2 {[%emt 0:00:03]} Qg6 {[%emt 0:00:14]} 33. Bxa7 {[%emt 0:02:29]} Rc8 {[%emt 0:01:37]} 34. Qd6 {[%emt 0:01:46]} Qe8 {[%emt 0:01:44]} 35. Bd4 {[%emt 0:00:55]} Rd8 {[%emt 0:01:03]} 36. Qe5 {[%emt 0:00:57]} Qd7 {[%emt 0:02:13]} 37. Bb6 {[%emt 0:01:03]} Rc8 {[%emt 0:01:00]} 38. Re2 {[%emt 0:00:30]} Qd5 {[%emt 0:01:31]} 39. Qxd5 {[%emt 0:00:31]} exd5 {[%emt 0:00:02]} 40. Re7 {[%emt 0:00:06]} Rc2+ {[%emt 0:00:55]} 41. Kg1 {[%emt 0:50:42]} Rc6 {[%emt 0:54:39]} 42. Rxb7 {[%emt 0:00:00]} Ne6 {[%emt 0:00:00]} 43. a4 {[%emt 0:00:00]} Nc5 {[%emt 0:00:00]} 44. Rb8+ {[%emt 0:00:00]} Kh7 {[%emt 0:00:00]} 45. a5 {[%emt 0:00:00]} Nd7 {[%emt 0:00:00]} 46. Rb7 {[%emt 0:00:00]} Nxb6 {[%emt 0:00:00]} 47. axb6 {[%emt 0:00:00]} Re6 {[%emt 0:00:00]} 48. Rb8 {[%emt 0:00:00]} Kg6 {[%emt 0:00:00]} 49. Kf2 {[%emt 0:00:00]} d4 {[%emt 0:00:00]} 50. b7 {[%emt 0:00:00]} Re7 {[%emt 0:00:00]} 51. Rd8 {[%emt 0:00:23]} Rxb7 {[%emt 0:00:00]} 1/2-1/2

[Event "4NCL 2021-22"]
[Site "England"]
[Date "2022.02.12"]
[Round "3.54"]
[White "Murray, David"]
[Black "Blake, J Morgan"]
[Result "1-0"]
[WhiteElo "2108"]
[BlackElo "2122"]
[Annotator "NA"]
[PlyCount "61"]
[EventDate "2021.11.27"]
[EventType "team-tourn"]
[EventCountry "ENG"]
[SourceTitle "playchess.com"]
[Source "ChessBase"]
[SourceQuality "1"]
[TimeControl "40/6000+30:3000+30"]

1. e4 {[%emt 0:00:07]} e5 {[%emt 0:00:06]} 2. Nf3 {[%emt 0:00:28]} Nc6 {[%emt 0:00:03]} 3. Bc4 {[%emt 0:00:57]} Nf6 {[%emt 0:00:11]} 4. d3 {[%emt 0:01:23]} Bc5 {[%emt 0:05:56]} 5. c3 {[%emt 0:01:27]} d6 {[%emt 0:07:18]} 6. a4 {[%emt 0:04:17]} a6 {[%emt 0:01:22]} 7. O-O {[%emt 0:01:46]} O-O {[%emt 0:00:54]} 8. Re1 {[%emt 0:03:12]} Bb6 {[%emt 0:06:29]} 9. Be3 {[%emt 0:03:40]} Bxe3 {[%emt 0:02:56]} 10. Rxe3 {[%emt 0:00:34]} d5 {[%emt 0:10:57]} 11. exd5 {[%emt 0:01:44]} Nxd5 {[%emt 0:00:14]} 12. Re1 {[%emt 0:00:50]} Bg4 {[%emt 0:02:55]} 13. h3 {[%emt 0:06:51]} Bh5 {[%emt 0:00:48]} 14. g4 {[%emt 0:10:03]} Bg6 {[%emt 0:00:40]} 15. Nxe5 {[%emt 0:02:18]} Nxe5 {[%emt 0:10:33]} 16. Rxe5 {[%emt 0:00:17]} Nf4 {[%emt 0:03:43]} 17. Qf3 {[%emt 0:05:37]} Qf6 {[%emt 0:01:06]} 18. d4 {[%emt 0:05:17]} Rae8 {[%emt 0:01:39]} 19. Re3 {[%emt 0:02:48]} h5 {[%emt 0:10:13]} 20. Nd2 {[%emt 0:03:20]} Qg5 {[%emt 0:01:55]} 21. Rae1 {[%emt 0:08:15]} hxg4 {[%emt 0:04:19]} 22. hxg4 {[%emt 0:00:18]} Rxe3 {[%emt 0:02:23]} 23. Rxe3 {[%emt 0:02:47]} b5 {[%emt 0:21:37]} 24. axb5 {[%emt 0:00:42]} axb5 {[%emt 0:01:00]} 25. Bf1 {[%emt 0:08:13]} f5 {[%emt 0:02:23]} 26. Re5 {[%emt 0:02:46]} Bh5 {[%emt 0:04:12]} 27. Qg3 {[%emt 0:04:45]} Qxg4 {[%emt 0:03:39]} 28. Qxg4 {[%emt 0:01:21]} Bxg4 {[%emt 0:00:48]} 29. f3 {[%emt 0:02:07]} Bh5 {[%emt 0:02:22]} 30. Bxb5 {[%emt 0:00:33]} Ng6 {[%emt 0:01:25]} 31. Rc5 {[%emt 0:01:41]} 1-0